000 00358nam a2200133Ia 4500
008 151001s9999||||xx |||||||||||||| ||und||
100 _aपु ग सहस्त्रबुद्धे
245 _aइहवादी शासन
250 _a1
260 _bकेशरी प्रकाशन
260 _c1972
300 _a337
365 _b8.5
999 _c955244
_d955241